Statistiques concernant Personnages célèbres - Série 42

Cliquez ici pour prendre le quiz!

Statistiques générales

  • Ce quiz a été pris 139 fois
  • Le résultat moyen est 6 sur 15

Statistiques - réponses

Réponse% Correct
Laurent Ruquier
89%
Michel Denisot
75%
Miou Miou
66%
Bernard Montiel
59%
William Leymergie
56%
Valérie Mairesse
44%
Danièle Gilbert
40%
John Malkovich
40%
Alexandre Debanne
37%
Philippe Douste-Blazy
36%
Vincent Perrot
35%
Christophe Malavoy
23%
Karl Malden
16%
Jacques Perrin
15%
Jayne Mansfield
8%

Distribution des résultats

Percentile par nombre de réponses

% des personnes avec chaque résultat

Votre développement - résultats

Vous n’avez pas pris ce quiz